| 000 | 00354nam a2200109 4500 | ||
|---|---|---|---|
| 008 | 240801b |||||||| |||| 00| 0 eng d | ||
| 040 |
_aNational Science Library _cNational Science Library |
||
| 245 | _aColloque international sur l'evolution et la modernisation de la documentation scientifique | ||
| 260 | _c1965 | ||
| 300 | _axx, 198p. | ||
| 942 |
_2udc _cMX |
||
| 999 |
_c65464 _d65464 |
||